00664nam a2200193 a 450000500170000000800410001702000150005804000270007304100080010004400070010808200170011511100850013224500760021726000370029330000320033065000180036265000240038071000660040420160219155401.0160219s1999 ck fr|||| 000 0 spa d a9589328229 aCO-BoIAVH cCO-BoIAVH 0 aspa ack04a338.13bS47s2 aSeminario-Taller Internacional Red Agroempresarial Andina cBogotádmayo, 199910aSeminario - taller internacional red agroempresarial andina :bmemorias aBogotá :bIICA :bAECI,c1999. a84 páginas ;c22 x 14 cm.16aAgroindustria26aComercio agrícola2 aInstituto Interamericano de Cooperación para la Agricultura